000
00323nam a22001337a 4500
020
_a
81-7286-706-9
082
_a
158
_b
GAM/L
100
_a
GAMON, DAVID
245
_a
LEARN FASTER & REMEMBER MORE
260
_a
BENGALURU
_b
PRISM BOOKS PVT.LTD.
300
_a
320
650
_a
PERSONALITY DEVELOPMENT
_z
BENGALURU
942
_c
BK
999
_c
5149
_d
5149